Memoria correspondiente al curso académico de 1882-83 (Record no. 190241)
[ view plain ]
| 000 -LEADER | |
|---|---|
| campo de control de longitud fija | 00509nam a2200157 i 4500 |
| 001 - NÚMERO DE CONTROL | |
| campo de control | 190241 |
| 003 - IDENTIFICADOR DE NÚMERO DE CONTROL | |
| campo de control | ES-MaACL |
| 005 - FECHA Y HORA DE LA ÚLTIMA TRANSACCIÓN | |
| campo de control | 20230906223658.0 |
| 008 - DATOS DE LONGITUD FIJA--INFORMACIÓN GENERAL | |
| campo de control de longitud fija | 200930s1885 sp |||| | spa d |
| 110 0# - ENTRADA PRINCIPAL--NOMBRE DE ENTIDAD CORPORATIVA | |
| Nombre de entidad corporativa o nombre de jurisdicción como elemento de entrada | Universidad Literaria de Sevilla. |
| 9 (RLIN) | 7391 |
| 245 10 - MENCIÓN DEL TÍTULO | |
| Título | Memoria correspondiente al curso académico de 1882-83 |
| Resto del título | : [datos estadísticos]. |
| 260 ## - PUBLICACIÓN, DISTRIBUCIÓN, ETC. | |
| Lugar de publicación, distribución, etc. | Sevilla : |
| Nombre del editor, distribuidor, etc. | [s.n.], |
| Fecha de publicación, distribución, etc. | 1885. |
| 300 ## - DESCRIPCIÓN FÍSICA | |
| Extensión | p. ; |
| Dimensiones | cm. |
| 610 24 - PUNTO DE ACCESO ADICIONAL DE MATERIA--NOMBRE DE ENTIDAD CORPORATIVA | |
| Nombre de entidad corporativa o nombre de jurisdicción como elemento de entrada | Universidad Literaria de Sevilla- |
| Subdivisión de forma | Memorias. |
| 9 (RLIN) | 153702 |
| 852 ## - LOCALIZACIÓN | |
| Ubicación | ES-MaACL |
| Número de control de estantería | T-444-F-4 |
| Estatus retirado | Estado de pérdida | Estado de daño | No para préstamo | Colección | Biblioteca de origen | Biblioteca actual | Ubicación en estantería | Fecha de adquisición | Fuente de adquisición | Total de préstamos | Signatura topográfica completa | Código de barras | Visto por última vez | Precio de reemplazo | Tipo de ítem Koha |
|---|---|---|---|---|---|---|---|---|---|---|---|---|---|---|---|
| Colección de folletos | Biblioteca del Ateneo de Madrid | Biblioteca del Ateneo de Madrid | Depósito folletos | 04/06/2005 | T-444-F-4 | 1202078 | 23/02/2023 | 23/02/2023 | Folleto |
